7-Letter Countries by Area Quiz Stats

 Plays Quiz not verified by Sporcle

Challenge
Share
Tweet
Embed
Score 0/42 Timer 10:00
0 Plays Today
Continent Country % Correct
AfricaAlgeria
89.5%
South AmericaBolivia
89.5%
AfricaNamibia
78.9%
AfricaMorocco
78.9%
AfricaNigeria
73.7%
AfricaSomalia
73.7%
EuropeUkraine
73.7%
EuropeGermany
73.7%
EuropeFinland
73.7%
South AmericaEcuador
73.7%
South AmericaUruguay
73.7%
North AmericaBahamas
73.7%
OceaniaVanuatu
73.7%
North AmericaJamaica
73.7%
EuropeAndorra
73.7%
North AmericaGrenada
73.7%
AsiaVietnam
68.4%
AfricaEritrea
68.4%
AfricaLiberia
68.4%
EuropeCzechia
68.4%
EuropeCroatia
68.4%
Continent Country % Correct
EuropeBelgium
68.4%
AsiaMyanmar
63.2%
EuropeRomania
63.2%
AfricaTunisia
63.2%
EuropeHungary
63.2%
EuropeAustria
63.2%
EuropeIreland
63.2%
AsiaGeorgia
63.2%
EuropeDenmark
63.2%
EuropeMoldova
63.2%
AfricaLesotho
63.2%
AsiaArmenia
63.2%
EuropeAlbania
63.2%
AsiaLebanon
63.2%
AsiaBahrain
63.2%
EuropeBelarus
57.9%
AfricaSenegal
57.9%
EuropeIceland
57.9%
EuropeEstonia
57.9%
AfricaBurundi
57.9%
AfricaComoros
57.9%

You're not logged in!

Compare scores with friends on all Sporcle quizzes.
OR
Log In

You Might Also Like...

Show Comments

Extras

Top Quizzes Today


Score Distribution

Your Account Isn't Verified!

In order to create a playlist on Sporcle, you need to verify the email address you used during registration. Go to your Sporcle Settings to finish the process.

Report this User

Report this user for behavior that violates our Community Guidelines.

Details: